Pays consommant le plus d'électricité - Statistiques

Statistiques générales
  • Ce quiz a été pris 1 127 fois
    642 depuis la dernière actualisation
  • Le résultat moyen est 13 sur 19
Statistiques - réponses
Consommation Pays % conso.
mondiale
% Correct
7 806 000 Chine 30,8 %
99%
3 979 000 États-Unis 15,7 %
99%
447 000 France 1,8 %
99%
996 000 Russie 3,9 %
93%
1 443 000 Inde 5,7 %
92%
512 000 Allemagne 2,2 %
91%
913 000 Japon 3,6 %
91%
555 000 Canada 2,2 %
89%
577 000 Brésil 2,3 %
85%
568 000 Corée du Sud 2,3 %
72%
12 515 Suède
61%
24 182 Norvège
59%
15 173 Finlande
57%
13 774 Émirats Arabes Unis
53%
16 740 Qatar
50%
51 304 Islande
44%
21 185 Bahreïn
29%
15 294 Koweït
29%
11 651 Taïwan
28%
Aucun quiz correspondant
Distribution des résultats
% des personnes avec chaque résultat
Percentile par nombre de réponses
Votre historique - résultats
Vous n’avez pas pris ce quiz depuis la dernière actualisation